| 000 | 00360nam a2200145Ia 4500 | ||
|---|---|---|---|
| 008 | 230312s9999||||xx |||||||||||||| ||und|| | ||
| 020 | _a0-596-00856-2 | ||
| 082 |
_a621.389 _bFRI-D |
||
| 100 | _aAblan;Jerry | ||
| 245 | 0 | _aProfessional VB6 WEB Programming | |
| 260 |
_bO'Reilly _aBeijing _c2005 |
||
| 300 | _a357 | ||
| 650 |
_aComputer _vComputer |
||
| 942 | _cBK | ||
| 999 |
_c15426 _d15426 |
||